<?xml version="1.0" encoding="UTF-8"?>
<record
    xmlns:xsi="http://www.w3.org/2001/XMLSchema-instance"
    xsi:schemaLocation="http://www.loc.gov/MARC21/slim http://www.loc.gov/standards/marcxml/schema/MARC21slim.xsd"
    xmlns="http://www.loc.gov/MARC21/slim">

  <leader>03424nam a22002417a 4500</leader>
  <controlfield tag="005">20250422121719.0</controlfield>
  <controlfield tag="008">250422b        |||||||| |||| 00| 0 eng d</controlfield>
  <datafield tag="020" ind1=" " ind2=" ">
    <subfield code="a">9788120342378</subfield>
  </datafield>
  <datafield tag="040" ind1=" " ind2=" ">
    <subfield code="c">AIMIT LIBRARY</subfield>
  </datafield>
  <datafield tag="082" ind1=" " ind2=" ">
    <subfield code="2">1</subfield>
    <subfield code="a">332.17</subfield>
    <subfield code="b">GOMC</subfield>
  </datafield>
  <datafield tag="100" ind1=" " ind2=" ">
    <subfield code="a">Gomez, Clifford.</subfield>
    <subfield code="9">208634</subfield>
  </datafield>
  <datafield tag="245" ind1=" " ind2=" ">
    <subfield code="a">Banking and finance :</subfield>
    <subfield code="b">theory law and practice /</subfield>
    <subfield code="c">By Clifford Gomez.</subfield>
  </datafield>
  <datafield tag="250" ind1=" " ind2=" ">
    <subfield code="a">1st ed.</subfield>
  </datafield>
  <datafield tag="260" ind1=" " ind2=" ">
    <subfield code="a">New Delhi :</subfield>
    <subfield code="b">PHI Learning Private Limited ,</subfield>
    <subfield code="c">2024.</subfield>
  </datafield>
  <datafield tag="300" ind1=" " ind2=" ">
    <subfield code="a">xxiv,344p. ;</subfield>
    <subfield code="b">PB</subfield>
    <subfield code="c">24.2 cm</subfield>
  </datafield>
  <datafield tag="500" ind1=" " ind2=" ">
    <subfield code="a">In a fast changing world, everything is subject to change and the field of banking is not an exception to this. It has also undergone significant changes over the years. This book, in the light of developmental changes, highlights and explains the concepts of banking and finance, and presents an up-to-date legal discussion on the subject. It is written in a simple and an easy-to-understand language.

The text is divided into two parts. Part I on Banking and Finance: Theory covers a wide range of topics such as money, evolution and systems of banking, classification of banks, commercial and hi-tech banking, deployment of funds, new finance services, banker&#x2019;s clearing house, central banking, Indian finance system, Indian money market, banking legislation in India, etc. Part II on Banking and Finance: Law and Practice deals with the relationship between a bank and a customer, bank deposits, banking instruments, bank accounts, lending, etc.

This book is primarily intended for the undergraduate students of commerce. It will also be useful to the students of economics, banking professionals, chartered accountants and to all those who are engaged in commercial field.</subfield>
  </datafield>
  <datafield tag="501" ind1=" " ind2=" ">
    <subfield code="a">Presents chapter-wise division and arrangement of topics enabling easy understanding of terms, definitions and concepts.

Includes tables and charts to elucidate the concepts discussed.

Includes modern technological developments.

Provides chapter-end questions to test the extent of understanding acquired by the reader.</subfield>
  </datafield>
  <datafield tag="505" ind1=" " ind2=" ">
    <subfield code="a">Preface
Abbreviations
Introduction
Part I: BANKING AND FINANACE: THEORY
1. Money
2. Evolution of Banking
3. Classification of Banks
4. Systems of Banking
5. Commercial Banking
6. Deployment of Funds
7. Hi-Tech Banking
8. New Financial Services
9. Banker&#x2019;s Clearing House
10. Central Banking
11. Foreign Exchange Management
12. Global Financial Crisis 2007&#x2013;2009
13. Indian Financial System
14. Indian Money Market
15. Commercial Banking in India
16. Banking Legislation in India
17. Changing Scene of Indian Banking
18. Central Banking in India
Part II: BANKING AND FINANCE: LAW AND PRACTICE
19. Banker and Customer
20. Bank Deposits
21. Procedure for Opening a Bank Account
22. Banking Instruments
23. Forms of Bank Lending
24. Principles of Sound Lending
25. Security for Bank Advances
26. Modes of Securing Advances
Index</subfield>
    <subfield code="r">GOMEZ, CLIFFORD
CLIFFORD GOMEZ has been Professor and Head, Postgraduate Department of Commerce, Fatima Mata National College, Kollam, Kerala. A distinguished teacher, Professor Gomez has more than 40 years of teaching experience. He has authored several books on Commerce.

His fields of specialisation are Banking and Finance.</subfield>
  </datafield>
  <datafield tag="650" ind1=" " ind2=" ">
    <subfield code="a">Banking and finance : theory</subfield>
    <subfield code="9">208635</subfield>
  </datafield>
  <datafield tag="650" ind1=" " ind2=" ">
    <subfield code="a">Deployment of funds</subfield>
    <subfield code="9">208636</subfield>
  </datafield>
  <datafield tag="650" ind1=" " ind2=" ">
    <subfield code="a">Central banking</subfield>
    <subfield code="9">208637</subfield>
  </datafield>
  <datafield tag="942" ind1=" " ind2=" ">
    <subfield code="2">ddc</subfield>
    <subfield code="c">BK</subfield>
    <subfield code="e">1st</subfield>
    <subfield code="k">332.17 GOMC</subfield>
  </datafield>
  <datafield tag="999" ind1=" " ind2=" ">
    <subfield code="c">234205</subfield>
    <subfield code="d">234205</subfield>
  </datafield>
  <datafield tag="952" ind1=" " ind2=" ">
    <subfield code="0">0</subfield>
    <subfield code="1">0</subfield>
    <subfield code="2">ddc</subfield>
    <subfield code="4">0</subfield>
    <subfield code="7">0</subfield>
    <subfield code="8">MBA</subfield>
    <subfield code="a">AIMIT</subfield>
    <subfield code="b">AIMIT</subfield>
    <subfield code="c">BAN</subfield>
    <subfield code="d">2025-03-11</subfield>
    <subfield code="e">Biblios Book Point</subfield>
    <subfield code="g">795.00</subfield>
    <subfield code="i">Bill no:7466; Bill dt:2025/3/11</subfield>
    <subfield code="l">0</subfield>
    <subfield code="o">332.17 GOMC</subfield>
    <subfield code="p">MBA14830</subfield>
    <subfield code="r">2026-05-23 00:00:00</subfield>
    <subfield code="v">620.10</subfield>
    <subfield code="w">2025-04-22</subfield>
    <subfield code="y">BK</subfield>
  </datafield>
  <datafield tag="952" ind1=" " ind2=" ">
    <subfield code="0">0</subfield>
    <subfield code="1">0</subfield>
    <subfield code="2">ddc</subfield>
    <subfield code="4">0</subfield>
    <subfield code="7">0</subfield>
    <subfield code="8">MBA</subfield>
    <subfield code="a">AIMIT</subfield>
    <subfield code="b">AIMIT</subfield>
    <subfield code="c">BAN</subfield>
    <subfield code="d">2025-03-11</subfield>
    <subfield code="e">Biblios Book Point</subfield>
    <subfield code="g">795.00</subfield>
    <subfield code="i">Bill no:7466; Bill dt:2025/3/11</subfield>
    <subfield code="l">0</subfield>
    <subfield code="o">332.17 GOMC</subfield>
    <subfield code="p">MBA14831</subfield>
    <subfield code="r">2026-05-23 00:00:00</subfield>
    <subfield code="v">620.10</subfield>
    <subfield code="w">2025-04-22</subfield>
    <subfield code="y">BK</subfield>
  </datafield>
</record>
